01268nam a2200229 a 450000100100000000500170001000800410002704000250006808200130009310000430010624501030014924601450025226000400039730000270043759000650046459000270052970000360055695201450059295201390073795201450087699900170102100004685520201002053147.0110224s2016 dr a 000 0 spa d aDO-SdBNPbspacBNPHU axxxbxxx1 aTamariz Cerda, José Nicodemes97480210aEpoca de oro del hipismo dominicano /cJosé Nicodemes Tamariz Cerda; prólogo Alonso Calcaño.10aEpoca de oro del hipismo dominicano :bes mi historia en le hipódromo "Perla Antillana" como dueño de caballos de carreras pura sangre / aSanto Domingo :bDominicana,c2016. a65 P. :bil. ;c21 cm. aLa biblioteca posee 3 ejemplares autografiados por el autor. aInventariado, 2018/ YL12aCalcaño, Alonsoeprol.974803 0010718DSaGRbGRcCTd2018-04-03iLF1l0oxxx xxxp46855-30r2020-06-25te. 3w2020-06-25yLFDSzAutografiado por el autor.ZNo se presta 0010718PDaPDbPDcCTd2018-04-03iLF1l0oxxx xxxp46855-10r2020-06-25w2020-06-25yLFPDzAutografiado por el autor.ZNo se presta 0010718DSaPDbPDcCTd2018-04-03iLF1l0oxxx xxxp46855-20r2020-06-25te. 3w2020-06-25yLFDSzAutografiado por el autor.ZNo se presta c46344d46344